| 000 | 00000nam##2200000za#4500 |
| 001 | 9.600626 |
| 003 | CaOODSP |
| 005 | 20210624205657 |
| 007 | cr ||||||||||| |
| 008 | 150406|1996||||xxc|||||o f|0| 0 fre|d |
| 040 | |aCaOODSP|bfre |
| 043 | |an-cn--- |
| 086 | 1 |aNH15-165/1996F-PDF |
| 110 | 2 |aSociété canadienne d'hypothèques et de logement. |
| 245 | 10|aÉlimination des obstacles au réaménagement des terrains contaminés à des fins résidentielles : |h[ressource électronique]|brapport final / |cpreparé par Delcan, Golder Associates Ltd. et McCarthy-Tétrault. |
| 260 | |aOttawa - Ontario : |bSociété canadienne d'hypothèques et de logement |c1996. |
| 300 | |a141p.|bfigures, glossaire, tableaux |
| 490 | 1 |aRapport de recherche |
| 504 | |aBibliographie. |
| 590 | |a11-06-Supp|b2011-04-14 |
| 775 | 08|tRemoving barriers to the redevelopment of contaminated sites for housing / |w(CaOODSP)9.569614 |
| 830 | #0|aResearch report (Société canadienne d'hypothèques et de logement : En ligne)|w(CaOODSP)9.502470 |
| 856 | 40|ahttp://publications.gc.ca|qPDF|s1.40 MB|uhttps://publications.gc.ca/collections/collection_2011/schl-cmhc/nh18-1/NH15-165-1996-fra.pdf |